Health / (Record no. 1505)

MARC details
000 -LEADER
fixed length control field 01097cam a2200385 a 4500
001 - CONTROL NUMBER
control field data
005 - DATE AND TIME OF LATEST TRANSACTION
control field 20260322212103.0
008 - FIXED-LENGTH DATA ELEMENTS--GENERAL INFORMATION
fixed length control field data
035 ## - SYSTEM CONTROL NUMBER
System control number 1406647
010 ## - LIBRARY OF CONGRESS CONTROL NUMBER
LC control number 83017714
020 ## - INTERNATIONAL STANDARD BOOK NUMBER
International Standard Book Number 0133854353
Qualifying information pbk.
020 ## - INTERNATIONAL STANDARD BOOK NUMBER
International Standard Book Number 9780133854350
Qualifying information (pbk.)
035 ## - SYSTEM CONTROL NUMBER
-- (DLC) 83017714
040 ## - CATALOGING SOURCE
Original cataloging agency DLC
Transcribing agency DLC
Modifying agency DLC
050 00 - LIBRARY OF CONGRESS CALL NUMBER
Classification number RA776
Item number .L348 1984
060 ## - NATIONAL LIBRARY OF MEDICINE CALL NUMBER
Classification number WA 4 L312h
082 00 - DEWEY DECIMAL CLASSIFICATION NUMBER
Classification number 613
Edition information 19
100 1# - MAIN ENTRY--PERSONAL NAME
Personal name LaPlace, John.
245 10 - TITLE STATEMENT
Title Health /
Statement of responsibility, etc. John LaPlace.
250 ## - EDITION STATEMENT
Edition statement 4th ed.
260 ## - PUBLICATION, DISTRIBUTION, ETC.
Place of publication, distribution, etc. Englewood Cliffs, N.J. :
Name of publisher, distributor, etc. Prentice-Hall,
Date of publication, distribution, etc. c1984.
300 ## - PHYSICAL DESCRIPTION
Extent xix, 555 p. :
Other physical details ill. (some col.) ;
Dimensions 23 cm.
336 ## - CONTENT TYPE
Content type term text
Content type code txt
Source rdacontent
337 ## - MEDIA TYPE
Media type term unmediated
Media type code n
Source rdamedia
338 ## - CARRIER TYPE
Carrier type term volume
Carrier type code nc
Source rdacarrier
500 ## - GENERAL NOTE
General note Includes index.
504 ## - BIBLIOGRAPHY, ETC. NOTE
Bibliography, etc. note Bibliography: p. 538-545.
650 #0 - SUBJECT ADDED ENTRY--TOPICAL TERM
Topical term or geographic name entry element Health.
650 #0 - SUBJECT ADDED ENTRY--TOPICAL TERM
Topical term or geographic name entry element Public health.
650 #2 - SUBJECT ADDED ENTRY--TOPICAL TERM
Topical term or geographic name entry element Health.
650 #2 - SUBJECT ADDED ENTRY--TOPICAL TERM
Topical term or geographic name entry element Public health.
906 ## - LOCAL DATA ELEMENT F, LDF (RLIN)
a 7
b cbc
c orignew
d 1
e ocip
f 19
g y-gencatlg
991 ## -
-- c-GenColl
-- RA776
-- .L348 1984
-- Copy 1
-- BOOKS
Holdings
Withdrawn status Lost status Damaged status Not for loan Home library Current library Shelving location Date acquired Total checkouts Full call number Barcode Date last seen Price effective from Koha item type
        Riverside Riverside General stacks 22/03/2026   613 LOC-RPL-00052 22/03/2026 22/03/2026 Books